Normal view
MARC view
- Geyer, John Charles,
Entry Personal Name
001 - CONTROL NUMBER
- control field: 25666
003 - CONTROL NUMBER IDENTIFIER
- control field: NUST
005 - DATE AND TIME OF LATEST TRANSACTION
- control field: 20191115121508.0
008 - FIXED-LENGTH DATA ELEMENTS
- fixed length control field: 191115|| aca||aabn | a|a d
040 ## - CATALOGING SOURCE
- Original cataloging agency: NUST
- Transcribing agency: NUST
100 ## - HEADING--PERSONAL NAME
- Personal name: Geyer, John Charles,
670 ## - SOURCE DATA FOUND
- Source citation: Work cat.: (NUST): Fair, Gordon Maskew, 25665, Water and wastewater engineering, [1966-68]
